Apuntes para una historia de la sátira en algunos pueblos be [sic] la antiguedad y de la Edad Media (Record no. 164102)

MARC details
000 -LEADER
campo de control de longitud fija 00730nam a22001815i 4500
001 - NÚMERO DE CONTROL
campo de control 164102
003 - IDENTIFICADOR DE NÚMERO DE CONTROL
campo de control ES-MaACL
005 - FECHA Y HORA DE LA ÚLTIMA TRANSACCIÓN
campo de control 20250629063141.0
008 - DATOS DE LONGITUD FIJA--INFORMACIÓN GENERAL
campo de control de longitud fija 950206s1868 sp |||| | spa d
040 ## - FUENTE DE CATALOGACIÓN
Centro catalogador/agencia de origen AS
Lengua de catalogación spa
100 1# - ENTRADA PRINCIPAL--NOMBRE DE PERSONA
Nombre de persona Rubió y Ors, Joaquín,
Fechas asociadas al nombre 1818-1899
9 (RLIN) 132151
245 10 - MENCIÓN DEL TÍTULO
Título Apuntes para una historia de la sátira en algunos pueblos be [sic] la antiguedad y de la Edad Media
Resto del título : discursos leidos en el Ateneo Catalan /
Mención de responsabilidad, etc. por Joaquín Rubió y Ors.
260 ## - PUBLICACIÓN, DISTRIBUCIÓN, ETC.
Lugar de publicación, distribución, etc. Barcelona :
Nombre del editor, distribuidor, etc. [s.n.],
Fecha de publicación, distribución, etc. 1868 (
Fabricante Imprenta de Magriñá y Subirana)
300 ## - DESCRIPCIÓN FÍSICA
Extensión 238 p. ;
Dimensiones 20 cm.
650 #4 - PUNTO DE ACCESO ADICIONAL DE MATERIA--TÉRMINO DE MATERIA
Término de materia o nombre geográfico como elemento de entrada Sátira-
Subdivisión cronológica Hasta el S. XVI-
Subdivisión de forma Historia y crítica.
9 (RLIN) 136895
852 ## - LOCALIZACIÓN
Ubicación ES-MaACL
Número de control de estantería G-8949
Nota libre -- Enc. hol.
Holdings
Estatus retirado Estado de pérdida Estado de daño No para préstamo Colección Biblioteca de origen Biblioteca actual Ubicación en estantería Fecha de adquisición Fuente de adquisición Total de préstamos Signatura topográfica completa Código de barras Visto por última vez Precio de reemplazo Tipo de ítem Koha
        Libros del s. XIX Biblioteca del Ateneo de Madrid Biblioteca del Ateneo de Madrid Sala Pecera Planta 3 17/01/2008     G-8949 1171991 23/02/2023 23/02/2023 Libro impreso antiguo